<?xml version="1.0" encoding="UTF-8"?>
<record
    xmlns:xsi="http://www.w3.org/2001/XMLSchema-instance"
    xsi:schemaLocation="http://www.loc.gov/MARC21/slim http://www.loc.gov/standards/marcxml/schema/MARC21slim.xsd"
    xmlns="http://www.loc.gov/MARC21/slim">

  <leader>00571nam a22001937a 4500</leader>
  <controlfield tag="003">NUST - PNEC</controlfield>
  <controlfield tag="005">20170116180826.0</controlfield>
  <controlfield tag="008">150706b        xxu||||| |||| 00| 0 eng d</controlfield>
  <datafield tag="020" ind1=" " ind2=" ">
    <subfield code="a">9780471272144</subfield>
  </datafield>
  <datafield tag="040" ind1=" " ind2=" ">
    <subfield code="c">LIBRARY</subfield>
  </datafield>
  <datafield tag="082" ind1=" " ind2=" ">
    <subfield code="a">519.2 YAT</subfield>
  </datafield>
  <datafield tag="100" ind1=" " ind2=" ">
    <subfield code="9">4355</subfield>
    <subfield code="a">Yates, Roy D.</subfield>
  </datafield>
  <datafield tag="245" ind1=" " ind2=" ">
    <subfield code="a">Probability and stochastic processes : a friendly introduction for electrical and computer engineers</subfield>
    <subfield code="c">Roy D. Yates</subfield>
  </datafield>
  <datafield tag="250" ind1=" " ind2=" ">
    <subfield code="a">2nd ed</subfield>
  </datafield>
  <datafield tag="260" ind1=" " ind2=" ">
    <subfield code="a">USA</subfield>
    <subfield code="b">John Wiley &amp; Sons,INC.</subfield>
    <subfield code="c">c2005.</subfield>
  </datafield>
  <datafield tag="300" ind1=" " ind2=" ">
    <subfield code="a">519 p. :</subfield>
  </datafield>
  <datafield tag="650" ind1=" " ind2=" ">
    <subfield code="9">4356</subfield>
    <subfield code="a">Probabilities</subfield>
    <subfield code="x">MIS</subfield>
  </datafield>
  <datafield tag="942" ind1=" " ind2=" ">
    <subfield code="2">ddc</subfield>
    <subfield code="c">BK</subfield>
  </datafield>
  <datafield tag="999" ind1=" " ind2=" ">
    <subfield code="c">63877</subfield>
    <subfield code="d">63877</subfield>
  </datafield>
  <datafield tag="952" ind1=" " ind2=" ">
    <subfield code="0">0</subfield>
    <subfield code="1">0</subfield>
    <subfield code="2">ddc</subfield>
    <subfield code="4">0</subfield>
    <subfield code="7">0</subfield>
    <subfield code="a">PNEC</subfield>
    <subfield code="b">PNEC</subfield>
    <subfield code="c">WING-A</subfield>
    <subfield code="d">2012-11-07</subfield>
    <subfield code="e">ZS Dictionary Shop / Library Grant</subfield>
    <subfield code="g">680.00</subfield>
    <subfield code="l">8</subfield>
    <subfield code="o">519.2 YAT</subfield>
    <subfield code="p">PNECLIB-031061</subfield>
    <subfield code="r">2016-10-24</subfield>
    <subfield code="s">2016-10-17</subfield>
    <subfield code="v">680.00</subfield>
    <subfield code="w">2012-11-07</subfield>
    <subfield code="y">BK</subfield>
  </datafield>
  <datafield tag="952" ind1=" " ind2=" ">
    <subfield code="0">0</subfield>
    <subfield code="1">0</subfield>
    <subfield code="2">ddc</subfield>
    <subfield code="4">0</subfield>
    <subfield code="7">0</subfield>
    <subfield code="a">PNEC</subfield>
    <subfield code="b">PNEC</subfield>
    <subfield code="c">WING-A</subfield>
    <subfield code="d">0000-00-00</subfield>
    <subfield code="l">4</subfield>
    <subfield code="o">519.2 YAT</subfield>
    <subfield code="p">PNECLIB-031052</subfield>
    <subfield code="r">2016-11-28</subfield>
    <subfield code="s">2016-11-28</subfield>
    <subfield code="w">0000-00-00</subfield>
    <subfield code="y">BK</subfield>
  </datafield>
  <datafield tag="952" ind1=" " ind2=" ">
    <subfield code="0">0</subfield>
    <subfield code="1">0</subfield>
    <subfield code="2">ddc</subfield>
    <subfield code="4">0</subfield>
    <subfield code="7">0</subfield>
    <subfield code="a">PNEC</subfield>
    <subfield code="b">PNEC</subfield>
    <subfield code="c">WING-A</subfield>
    <subfield code="d">0000-00-00</subfield>
    <subfield code="l">1</subfield>
    <subfield code="o">519.2 YAT</subfield>
    <subfield code="p">PNECLIB-031057</subfield>
    <subfield code="r">2016-09-28</subfield>
    <subfield code="s">2016-09-28</subfield>
    <subfield code="w">0000-00-00</subfield>
    <subfield code="y">BK</subfield>
  </datafield>
  <datafield tag="952" ind1=" " ind2=" ">
    <subfield code="0">0</subfield>
    <subfield code="1">0</subfield>
    <subfield code="2">ddc</subfield>
    <subfield code="4">0</subfield>
    <subfield code="7">0</subfield>
    <subfield code="a">PNEC</subfield>
    <subfield code="b">PNEC</subfield>
    <subfield code="c">WING-A</subfield>
    <subfield code="d">0000-00-00</subfield>
    <subfield code="l">5</subfield>
    <subfield code="o">519.2 YAT</subfield>
    <subfield code="p">PNECLIB-031059</subfield>
    <subfield code="r">2016-11-21</subfield>
    <subfield code="s">2016-11-21</subfield>
    <subfield code="w">0000-00-00</subfield>
    <subfield code="y">BK</subfield>
  </datafield>
  <datafield tag="952" ind1=" " ind2=" ">
    <subfield code="0">0</subfield>
    <subfield code="1">0</subfield>
    <subfield code="2">ddc</subfield>
    <subfield code="4">0</subfield>
    <subfield code="7">0</subfield>
    <subfield code="a">PNEC</subfield>
    <subfield code="b">PNEC</subfield>
    <subfield code="c">WING-A</subfield>
    <subfield code="d">0000-00-00</subfield>
    <subfield code="l">1</subfield>
    <subfield code="o">519.2 YAT</subfield>
    <subfield code="p">PNECLIB-031060</subfield>
    <subfield code="r">2016-09-28</subfield>
    <subfield code="s">2016-09-28</subfield>
    <subfield code="w">0000-00-00</subfield>
    <subfield code="y">BK</subfield>
  </datafield>
  <datafield tag="952" ind1=" " ind2=" ">
    <subfield code="0">0</subfield>
    <subfield code="1">0</subfield>
    <subfield code="2">ddc</subfield>
    <subfield code="4">0</subfield>
    <subfield code="7">0</subfield>
    <subfield code="a">PNEC</subfield>
    <subfield code="b">PNEC</subfield>
    <subfield code="c">WING-A</subfield>
    <subfield code="d">0000-00-00</subfield>
    <subfield code="l">3</subfield>
    <subfield code="o">519.2 YAT</subfield>
    <subfield code="p">PNECLIB-031053</subfield>
    <subfield code="r">2016-11-21</subfield>
    <subfield code="s">2016-11-21</subfield>
    <subfield code="w">0000-00-00</subfield>
    <subfield code="y">BK</subfield>
  </datafield>
  <datafield tag="952" ind1=" " ind2=" ">
    <subfield code="0">0</subfield>
    <subfield code="1">0</subfield>
    <subfield code="2">ddc</subfield>
    <subfield code="4">0</subfield>
    <subfield code="7">0</subfield>
    <subfield code="a">PNEC</subfield>
    <subfield code="b">PNEC</subfield>
    <subfield code="c">WING-A</subfield>
    <subfield code="d">0000-00-00</subfield>
    <subfield code="l">1</subfield>
    <subfield code="o">519.2 YAT</subfield>
    <subfield code="p">PNECLIB-031058</subfield>
    <subfield code="r">2016-09-28</subfield>
    <subfield code="s">2016-09-28</subfield>
    <subfield code="w">0000-00-00</subfield>
    <subfield code="y">BK</subfield>
  </datafield>
  <datafield tag="952" ind1=" " ind2=" ">
    <subfield code="0">0</subfield>
    <subfield code="1">0</subfield>
    <subfield code="2">ddc</subfield>
    <subfield code="4">0</subfield>
    <subfield code="7">0</subfield>
    <subfield code="a">PNEC</subfield>
    <subfield code="b">PNEC</subfield>
    <subfield code="c">WING-A</subfield>
    <subfield code="d">0000-00-00</subfield>
    <subfield code="l">4</subfield>
    <subfield code="o">519.2 YAT</subfield>
    <subfield code="p">PNECLIB-031056</subfield>
    <subfield code="r">2016-11-21</subfield>
    <subfield code="s">2016-11-21</subfield>
    <subfield code="w">0000-00-00</subfield>
    <subfield code="y">BK</subfield>
  </datafield>
  <datafield tag="952" ind1=" " ind2=" ">
    <subfield code="0">0</subfield>
    <subfield code="1">0</subfield>
    <subfield code="2">ddc</subfield>
    <subfield code="4">0</subfield>
    <subfield code="7">0</subfield>
    <subfield code="a">PNEC</subfield>
    <subfield code="b">PNEC</subfield>
    <subfield code="c">WING-A</subfield>
    <subfield code="d">0000-00-00</subfield>
    <subfield code="l">3</subfield>
    <subfield code="o">519.2 YAT</subfield>
    <subfield code="p">PNECLIB-031055</subfield>
    <subfield code="r">2016-12-07</subfield>
    <subfield code="s">2016-11-09</subfield>
    <subfield code="w">0000-00-00</subfield>
    <subfield code="y">BK</subfield>
  </datafield>
  <datafield tag="952" ind1=" " ind2=" ">
    <subfield code="0">0</subfield>
    <subfield code="1">0</subfield>
    <subfield code="2">ddc</subfield>
    <subfield code="4">0</subfield>
    <subfield code="7">0</subfield>
    <subfield code="a">PNEC</subfield>
    <subfield code="b">PNEC</subfield>
    <subfield code="c">WING-A</subfield>
    <subfield code="d">0000-00-00</subfield>
    <subfield code="l">2</subfield>
    <subfield code="o">519.2 YAT</subfield>
    <subfield code="p">PNECLIB-031054</subfield>
    <subfield code="r">2016-12-02</subfield>
    <subfield code="s">2016-12-02</subfield>
    <subfield code="w">0000-00-00</subfield>
    <subfield code="y">BK</subfield>
  </datafield>
</record>
